Biggest Cities in Chile on a Map - Statistics

General Stats
  • This quiz has been taken 315 times
  • The average score is 7 of 12
Answers on the Map
Answers color-coded by a green-red scale on the quiz's map according to % correct below.
 
Answer Stats
Population Answer % Correct
6,160,040 Santiago
100%
901,468 Valparaiso
85%
352,368 Antofagasta
76%
722,929 Concepción
62%
204,078 Arica
61%
294,949 Iquique
59%
171,136 Puerto Montt
58%
401,938 La Serena
52%
278,513 Temuco
47%
237,295 Talca
44%
290,864 Rancagua
36%
191,983 Chillan
33%
No matching quizzes found
Score Distribution
Percent of People with Each Score
Percentile by Number Answered
Your Score History
You have not taken this quiz